000 00489ntaaa2200181 4500
003 01
005 20251027202444.0
008 0714s1973 ag 01
040 _aAR-BaBN
_bspa
_cAR-BaBN
_eaacr
_dRIC
082 _a266.0230 Su6
100 _aSumrall, Lester F.
_916800
245 _aThrough blood and fire in Latin America
250 _a1 ed.
260 _aGrand Rapids :
_bZondervan Publishing House,
_c1954
300 _a246 p.
650 _aMisiones-América Latina
_914730
942 _cBK
999 _c19531
_d19531